Hoàn thiện quy chế pháp lý về bảo lãnh thực hiện nghĩa vụ theo pháp luật Việt Nam hiện hành : Báo cáo tổng kết đề tài khoa học công nghệ cấp Trường

Nội dung đề tài nghiên cứu một cách có hệ thống các quy định hiện hành của pháp luật về bảo lãnh và nghiên cứu thực tiễn thi hành các quy định của pháp luật trong lĩnh vực bảo lãnh, so sánh các quy định của pháp luật và thực tiễn thực hi...

Descripción completa

Guardado en:
Detalles Bibliográficos
Autor principal: Đoàn, Thị Phương Diệp
Formato: Libro
Lenguaje:Undetermined
Publicado: Cần Thơ Trường Đại học Cần Thơ 2004
Materias:
Etiquetas: Agregar Etiqueta
Sin Etiquetas, Sea el primero en etiquetar este registro!
Thư viện lưu trữ: Trung tâm Học liệu Trường Đại học Cần Thơ
LEADER 01334nam a2200217Ia 4500
001 CTU_204649
008 210402s9999 xx 000 0 und d
082 |a 346.597018 
082 |b D307 
100 |a Đoàn, Thị Phương Diệp 
245 0 |a Hoàn thiện quy chế pháp lý về bảo lãnh thực hiện nghĩa vụ theo pháp luật Việt Nam hiện hành : 
245 0 |b Báo cáo tổng kết đề tài khoa học công nghệ cấp Trường 
245 0 |c Đoàn Thị Phương Diệp (Chủ nhiệm đề tài) ; Nguyễn Thanh Tâm, Phan Út Hiền (tham gia thực hiện) 
260 |a Cần Thơ 
260 |b Trường Đại học Cần Thơ 
260 |c 2004 
520 |a Nội dung đề tài nghiên cứu một cách có hệ thống các quy định hiện hành của pháp luật về bảo lãnh và nghiên cứu thực tiễn thi hành các quy định của pháp luật trong lĩnh vực bảo lãnh, so sánh các quy định của pháp luật và thực tiễn thực hiện. 
650 |a Guardian and ward,Bảo lãnh và giám hộ 
650 |z Vietnam,Việt Nam 
904 |i Tuyến 
980 |a Trung tâm Học liệu Trường Đại học Cần Thơ